banner koha

Difusao e transferencia de tecnologia de salga e secagem de peixe de agua doce em uma comunidade de pescadores localizada no municipio de Oros, no estado do Ceara (Registro n. 128670)

MARC details
000 -LÍDER
campo de controle de tamanho fixo 00987nas a2200265 4500
001 - NÚMERO DE CONTROLE
campo de controle BR9102411
003 - IDENTIFICADOR DO NÚMERO DE CONTROLE
campo de controle BR-BrBNA
005 - DATA E HORÁRIO DA ÚLTIMA TRANSAÇÃO
campo de controle 20231205092015.0
007 - CAMPO FIXO DE DESCRIÇÃO FÍSICA--INFORMAÇÃO GERAL
campo de controle de tamanho fixo ta
008 - CAMPO DE DADOS FIXOS--INFORMAÇÃO GERAL
campo de controle de tamanho fixo 230509b bl.|||p| |||| 00| 00por d
040 ## - FONTE DA CATALOGAÇÃO
Instituição da catalogação original BR-BrBNA
Idioma da catalogação por
Instituição que transcreveu o registro Biblioteca Nacional de Agricultura
041 ## - CÓDIGO DE IDIOMA
Código do idioma do texto/trilha sonora ou título diferente (Pt)
072 ## - CÓDIGO DE CATEGORIA DE ASSUNTO
Código de Categoria de Assunto Q02
100 1# - ENTRADA PRINCIPAL--NOME PESSOAL
Nome pessoal Timbo, M.O.P. de P.
100 1# - ENTRADA PRINCIPAL--NOME PESSOAL
Nome pessoal Martins, S.C.S.
245 1# - TÍTULO
Título Difusao e transferencia de tecnologia de salga e secagem de peixe de agua doce em uma comunidade de pescadores localizada no municipio de Oros, no estado do Ceara
246 1# - FORMA VARIANTE DO TÍTULO
Título/título abreviado [Diffusion of fish brining and during technology in fishers community from Ceara state, Oros town!
650 ## - ASSUNTO--TERMO TÓPICO
Cabeçalho tópico ou nome geográfico PEIXE DE AGUA DOCE
650 ## - ASSUNTO--TERMO TÓPICO
Cabeçalho tópico ou nome geográfico SALGA
650 ## - ASSUNTO--TERMO TÓPICO
Cabeçalho tópico ou nome geográfico SECAGEM
650 ## - ASSUNTO--TERMO TÓPICO
Cabeçalho tópico ou nome geográfico CEARA
773 0# - ENTRADA ANALÍTICA
Título Boletim do Centro de Pesquisa e Processamento de Alimentos (Brazil)
ISSN - International Standard Serial Number ISSN 0102-0323
Partes relacionadas (Jan-Jun 1991), v. 9(1) p. 76-78
Número de controle do registro BR9102411
909 ## -
-- 202311
-- Lúcia
-- 55
-- Lúcia Elande
942 ## - ELEMENTOS DE ENTRADA ADICIONADOS (KOHA)
Fonte da classificação ou esquema de arquivamento na estante Classificação AGRIS
Ocultar no OPAC Não
Tipo de material Koha Analítica
Exemplares
Situação do descarte Fonte da classificação ou esquema de arquivamento na estante Situação física Não pode ser emprestado Biblioteca de origem Biblioteca atual Localização na estante Enumeração do periódico / cronologia Total de empréstimos Data de último acesso Número do exemplar Tipo de material Koha Fonte de aquisição
  Classificação AGRIS   Consulta local Biblioteca Nacional de Agricultura - Binagri Biblioteca Nacional de Agricultura - Binagri   (Jan-Jun 1991), v. 9(1) p. 76-78   29/11/2023 01 Periódicos Portaria Interministerial nº 164/94

BINAGRI

Telefone: (61)3218-2567/2388/3357/2097 - binagri@agro.gov.br

Ministério da Agricultura e Pecuária , Esplanada dos Ministérios, Bloco D, Anexo B, Brasília/DF, CEP: 70.043-900